Belly laughs : (Record no. 2088)

MARC details
000 -LEADER
fixed length control field 00703nam a22002537a 4500
005 - DATE AND TIME OF LATEST TRANSACTION
control field 20250930162054.0
020 ## - INTERNATIONAL STANDARD BOOK NUMBER
International Standard Book Number 9780753462072
040 ## - CATALOGING SOURCE
Original cataloging agency FISKH
Language of cataloging eng
Transcribing agency FISKH
Modifying agency FISKH
050 ## - LIBRARY OF CONGRESS CALL NUMBER
Classification number PN6231.F66
082 ## - DEWEY DECIMAL CLASSIFICATION NUMBER
Classification number 818.5402
100 ## - MAIN ENTRY--PERSONAL NAME
Personal name Blunt, Fred
245 ## - TITLE STATEMENT
Title Belly laughs :
Remainder of title 150 Rib-tickling Food Jokes /
Statement of responsibility, etc. Sidesplitters
250 ## - EDITION STATEMENT
Edition statement First American Edition January 2009
260 ## - PUBLICATION, DISTRIBUTION, ETC.
Place of publication, distribution, etc. London
Name of publisher, distributor, etc. Kingfisher,
Date of publication, distribution, etc. 2007
300 ## - PHYSICAL DESCRIPTION
Extent 64 pages :
Dimensions 20 cm
Other physical details illustrations
505 ## - FORMATTED CONTENTS NOTE
Formatted contents note T
520 ## - SUMMARY, ETC.
Summary, etc. Collects 150 food-related jokes, and includes illustrations.
521 ## - TARGET AUDIENCE NOTE
Target audience note 1000
Source Lexile estimate
521 ## - TARGET AUDIENCE NOTE
Target audience note T
Source Raz-Plus
650 ## - SUBJECT ADDED ENTRY--TOPICAL TERM
Topical term or geographic name entry element Joke
650 ## - SUBJECT ADDED ENTRY--TOPICAL TERM
Topical term or geographic name entry element Food
942 ## - ADDED ENTRY ELEMENTS (KOHA)
Source of classification or shelving scheme Dewey Decimal Classification
Koha item type Books
Suppress in OPAC No
999 ## -
-- 2088
-- 2088
Holdings
Withdrawn status Lost status Source of classification or shelving scheme Damaged status Not for loan Collection Home library Current library Shelving location Date acquired Total Checkouts Full call number Barcode Date last seen Copy number Price effective from Koha item type
    Dewey Decimal Classification     Non-Fiction Footprints International School Library Network Toul Tom Poung Campus Footprints International School Library Network Toul Tom Poung Campus TTP Secondary Fiction Bookshelves 11/06/2023   BLU 818.5402 PN6231.F66 FISTK00473 11/06/2023 1 11/06/2023 Books